000 00754nam a2200217Ii 4500
003 JO-AjNU
008 230605s9999||||xx |||||||||||||| ||und||
017 _a1993/5/518
040 _aJO-AjNU
_bara
_erda
_cJO-AjNU
041 _aara
050 1 4 _aTS155.L3538 2008
100 3 _aالمغربي، كامل محمد ,
_eauthor
_949856
245 0 0 _aالتنظيم الصناعي والعملية الانتاجية مفاهيم الادارة الصناعية
250 _aط1
264 3 1 _aعمان:دار الفكر للنشر والتوزيع، 1995
300 _a400ص
336 _atext
_btxt
_2rdacontent
337 _aunmediated
_bn
_2rdamedia
338 _avolume
_bnc
_2rdacarrier
650 4 _aادارة الاعمال-تنظيم
_949857
999 _aA21925
_c25493
_d25493